[Event "?"]
[Site "?"]
[Date "????.??.??"]
[Round "?"]
[White "Gutman, L."]
[Black "Böhnisch, M."]
[Result "1/2-1/2"]
[WhiteElo "2465"]
[BlackElo "2372"]
[PlyCount "172"]

1. Nf3 Nf6 2. g3 d5 3. Bg2 e6 4. O-O Be7 5. b3 O-O 6. Bb2 b6 7. c4 c6 8. e3
Nbd7 9. Qe2 Ba6 10. d3 Qc7 11. Nc3 Rad8 12. Rac1 dxc4 13. bxc4 e5 14. Rfd1 Rfe8
15. Qc2 Bf8 16. Ng5 h6 17. Nge4 Nxe4 18. Nxe4 c5 19. Qa4 Bb7 20. Qxa7 Ra8 21.
Qxb7 Qxb7 22. Nf6+ Nxf6 23. Bxb7 Rxa2 24. Rb1 Bd6 25. Bc3 Bc7 26. Ra1 Rc2 27.
Rdc1 Rxc1+ 28. Rxc1 Rd8 29. Rd1 Kf8 30. Kf1 Bb8 31. Bc6 Ke7 32. Ke2 Kd6 33. Bg2
Re8 34. Rb1 Nd7 35. f4 Bc7 36. Bd5 f6 37. h4 Rb8 38. Be4 Ke6 39. f5+ Kd6 40. g4
Rh8 41. Kf3 Nb8 42. Ra1 Nc6 43. Bxc6 Kxc6 44. Ke4 Bd6 45. Ra7 Bc7 46. Be1 Rb8
47. Bg3 Rd8 48. Ra1 Re8 49. g5 hxg5 50. hxg5 Rh8 51. g6 Rh3 52. Bf2 Rh2 53. Kf3
Rh5 54. Ke4 Rh2 55. Rf1 Rg2 56. Be1 Rg4+ 57. Kf3 Rg5 58. Ke2 Rh5 59. Rf3 Rh2+
60. Bf2 Rh1 61. Bg3 Rh3 62. e4 Rh8 63. Rf2 Bd6 64. Kf3 Be7 65. Rf1 Kb7 66. Kg4
Kc6 67. Bf2 Kb7 68. Be3 Kc6 69. Kf3 Rh3+ 70. Ke2 Rh2+ 71. Bf2 Rh8 72. Kd2 Kb7
73. Kc3 Kc6 74. Be3 Kb7 75. Ra1 Rh3 76. Bd2 Bd6 77. Rd1 Be7 78. Bc1 Rh2 79. Ba3
Rh3 80. Kb3 Rh8 81. Re1 Kc6 82. Bb2 Rh3 83. Kc2 Kb7 84. Bc3 Kc6 85. Rd1 Rh2+
86. Rd2 Rh1 1/2-1/2

[Event "?"]
[Site "?"]
[Date "????.??.??"]
[Round "?"]
[White "Braun, G."]
[Black "Uhlmann, W."]
[Result "1/2-1/2"]
[WhiteElo "2314"]
[BlackElo "2420"]
[PlyCount "31"]

1. e4 e6 2. d4 d5 3. exd5 exd5 4. Nf3 Nf6 5. Bd3 Bg4 6. O-O Be7 7. Be3 O-O 8.
Nbd2 Nbd7 9. c3 c5 10. Qc2 Qc7 11. Rfe1 c4 12. Bf5 Bd6 13. Bg5 Rfe8 14. Bxg4
Nxg4 15. Nf1 Ngf6 16. Ne3 1/2-1/2

[Event "?"]
[Site "?"]
[Date "????.??.??"]
[Round "?"]
[White "Hecht, H."]
[Black "Boehlig, H."]
[Result "1/2-1/2"]
[WhiteElo "2397"]
[BlackElo "2238"]
[PlyCount "57"]
[EventDate "2006.02.24"]

1. d4 Nf6 2. c4 e6 3. g3 c5 4. d5 exd5 5. cxd5 d6 6. Nc3 g6 7. Bg2 Bg7 8. Nf3
O-O 9. O-O a6 10. a4 Re8 11. Nd2 Nbd7 12. h3 Nh5 13. Nde4 Ndf6 14. g4 Nxe4 15.
Nxe4 Nf6 16. Nd2 Nd7 17. Re1 Rb8 18. a5 b5 19. axb6 Nxb6 20. Ne4 Nc4 21. Qc2
Rb4 22. Ra2 f5 23. Bg5 Qb6 24. Nf6+ Bxf6 25. Bxf6 fxg4 26. hxg4 Ne5 27. f3 c4+
28. Kf1 Qc5 29. Bxe5 1/2-1/2

[Event "?"]
[Site "?"]
[Date "????.??.??"]
[Round "?"]
[White "Weber, B."]
[Black "Klundt, K."]
[Result "1/2-1/2"]
[WhiteElo "2134"]
[BlackElo "2381"]
[PlyCount "39"]

1. d4 d5 2. c4 dxc4 3. Nf3 Nf6 4. e3 e6 5. Bxc4 c5 6. Nc3 a6 7. a4 Nc6 8. O-O
Be7 9. dxc5 Qxd1 10. Rxd1 Bxc5 11. h3 b6 12. e4 Na5 13. Bd3 Bb7 14. Rb1 Nb3 15.
Bg5 Be7 16. e5 Nd5 17. Be4 Rd8 18. Bxd5 Bxd5 19. Nxd5 exd5 20. Be3 1/2-1/2

[Event "?"]
[Site "?"]
[Date "????.??.??"]
[Round "?"]
[White "Rotstein, J."]
[Black "Rodriguez, O."]
[Result "1-0"]
[WhiteElo "2410"]
[BlackElo "2426"]
[PlyCount "128"]

1. Nf3 d5 2. e3 Nf6 3. c4 c6 4. b3 Bg4 5. Bb2 e6 6. d3 Nbd7 7. Be2 Bd6 8. Nbd2
Qe7 9. a3 e5 10. h3 Bh5 11. O-O g5 12. cxd5 cxd5 13. e4 O-O-O 14. b4 Rhg8 15.
Re1 Kb8 16. exd5 Nxd5 17. Nxe5 Bxe2 18. Qxe2 g4 19. hxg4 Nf4 20. Nc6+ bxc6 21.
Qxe7 Bxe7 22. Rxe7 Rxg4 23. g3 Nxd3 24. Bc3 Nb6 25. Rxf7 h5 26. Nf3 Rd5 27. a4
Nd7 28. b5 c5 29. a5 Rc4 30. Bd2 Rc2 31. Be3 Rb2 32. b6 axb6 33. axb6 Rxb6 34.
Ne1 Nb4 35. Bf4+ Kb7 36. Ng2 Nc2 37. Rc1 Rb2 38. Be5 Nd4 39. Bxd4 Rxd4 40. Rxc5
Rd1+ 41. Kh2 Rxf2 42. Rb5+ Kc6 43. Rxf2 Kxb5 44. Rf5+ Kc6 45. Rxh5 Kd6 46. Ne3
Rd3 47. Ng4 Rd1 48. Kg2 Ke6 49. Kf3 Rd3+ 50. Ne3 Nf6 51. Ra5 Kf7 52. Kf4 Kg6
53. Rg5+ Kf7 54. Nf5 Rd7 55. Nh6+ Ke7 56. Re5+ Kf8 57. g4 Nd5+ 58. Kf5 Ne7+ 59.
Ke6 Ra7 60. Kf6 Rd7 61. Re6 Rc7 62. g5 Nd5+ 63. Ke5 Ne7 64. Rd6 Kg7 1-0

[Event "?"]
[Site "?"]
[Date "????.??.??"]
[Round "?"]
[White "Anguera, J."]
[Black "Khanukov, B."]
[Result "1/2-1/2"]
[WhiteElo "2220"]
[BlackElo "2358"]
[PlyCount "117"]

1. d4 Nf6 2. Nf3 e6 3. Bg5 c5 4. e3 Qb6 5. Bxf6 gxf6 6. Nbd2 Qxb2 7. Bc4 d5 8.
Rb1 Qc3 9. Bb5+ Nc6 10. O-O a6 11. Bxc6+ bxc6 12. Nb3 c4 13. Nc5 Qa5 14. Qe1
Qc7 15. Qb4 Bd6 16. Qb6 e5 17. Qxc7 Bxc7 18. Nh4 Kd8 19. g3 Re8 20. c3 Rb8 21.
Rxb8 Bxb8 22. Rb1 Bc7 23. Kf1 Re7 24. Ke2 Ba5 25. Kd2 Kc7 26. f3 h5 27. f4 exd4
28. exd4 Bb6 29. Na4 Ba7 30. Re1 Rxe1 31. Kxe1 Kd6 32. Kd2 Bg4 33. Ng2 Bf5 34.
Ne3 Bb1 35. a3 c5 36. dxc5+ Bxc5 37. Nxc5 Kxc5 38. g4 h4 39. g5 fxg5 40. fxg5
Be4 41. Ng4 d4 42. Ne5 Bd5 43. g6 fxg6 44. Nxg6 h3 45. Nf4 dxc3+ 46. Kxc3 Bg2
47. Ne6+ Kb5 48. Nc7+ Kb6 49. Ne6 Bf1 50. Nd4 Kc5 51. Nc2 a5 52. Ne3 Bd3 53. a4
Be2 54. Kd2 Bf3 55. Kc3 Bd5 56. Nf5 Be4 57. Ne3 Bd3 58. Nd1 Bf5 59. Ne3 1/2-1/2

[Event "?"]
[Site "?"]
[Date "????.??.??"]
[Round "?"]
[White "Bakhmatov, E."]
[Black "Enriquez, J."]
[Result "1/2-1/2"]
[WhiteElo "2390"]
[BlackElo "2220"]
[PlyCount "48"]

1. e4 e5 2. Bc4 Bc5 3. Nf3 Nc6 4. b4 Bxb4 5. c3 Ba5 6. d4 exd4 7. O-O d3 8. Qb3
Qf6 9. e5 Qg6 10. Rd1 Nge7 11. Bxd3 Qh5 12. Re1 O-O 13. Nbd2 d5 14. exd6 cxd6
15. Ne4 Be6 16. Qa3 Bb6 17. Qxd6 Rad8 18. Qg3 Qg4 19. Bc2 Qxg3 20. hxg3 Nd5 21.
Ba3 Rfe8 22. Nd6 Re7 23. Ng5 Red7 24. Bxh7+ Kh8 {Rest nicht lesbar} 1/2-1/2

[Event "?"]
[Site "?"]
[Date "????.??.??"]
[Round "?"]
[White "Montell Zabay, A."]
[Black "Ljuboschiz, A."]
[Result "1-0"]
[WhiteElo "2129"]
[BlackElo "2220"]
[PlyCount "57"]

1. e4 g6 2. d4 Bg7 3. g3 d6 4. Bg2 Nf6 5. Ne2 O-O 6. Nbc3 e5 7. h3 Nc6 8. Be3
exd4 9. Nxd4 Bd7 10. O-O Re8 11. Qd2 Ne5 12. b3 c5 13. Ndb5 Bxh3 14. Nxd6 Bxg2
15. Kxg2 Re7 16. Rad1 b6 17. f4 Neg4 18. e5 Qd7 19. Bg1 Qc6+ 20. Rf3 Nxe5 21.
fxe5 Rxe5 22. Qf4 Re7 23. g4 Nxg4 24. Nd5 Re2+ 25. Kf1 Rae8 26. Qxf7+ Kh8 27.
Nxe8 Rxe8 28. Ne7 Qa8 29. Rd7 1-0

[Event "?"]
[Site "?"]
[Date "????.??.??"]
[Round "?"]
[White "Rahls"]
[Black "Schmidt, G."]
[Result "1/2-1/2"]
[WhiteElo "2334"]
[BlackElo "2238"]
[PlyCount "81"]

1. e4 c5 2. c3 d5 3. exd5 Qxd5 4. d4 cxd4 5. cxd4 Nc6 6. Nf3 e5 7. Nc3 Bb4 8.
Bd2 Bxc3 9. Bxc3 e4 10. Ne5 Nxe5 11. dxe5 Ne7 12. Qe2 Bf5 13. Rd1 Qc5 14. Qb5+
Qxb5 15. Bxb5+ Nc6 16. Bxc6+ bxc6 17. Ke2 Be6 18. a3 Bd5 19. Rd4 Ke7 20. Rhd1
Ke6 21. f4 exf3+ 22. gxf3 Rab8 23. Ra4 Ra8 24. Rg1 g6 25. Rf4 Rhd8 26. Rf6+ Ke7
27. h4 Be6 28. Bb4+ Kd7 29. Rd1+ Ke8 30. Bd6 Rab8 31. b4 Rb5 32. Rc1 Kd7 33.
Bc5 Ke8 34. a4 Rb7 35. Bd6 Kd7 36. Rf4 Ra8 37. Rc5 a5 38. Rxa5 Rxa5 39. bxa5
Ra7 40. Bb4 c5 41. Bxc5 1/2-1/2

[Event "?"]
[Site "?"]
[Date "????.??.??"]
[Round "?"]
[White "Petzold, H."]
[Black "Erenska-Barlo, H."]
[Result "0-1"]
[WhiteElo "2151"]
[BlackElo "2291"]
[PlyCount "128"]

1. e4 c5 2. Nc3 Nc6 3. f4 e6 4. Nf3 d6 5. Bb5 Bd7 6. d3 Be7 7. O-O Nf6 8. Bxc6
Bxc6 9. Qe1 Qc7 10. Bd2 O-O 11. Qg3 Rfd8 12. Rae1 b5 13. e5 Ne8 14. Ne4 g6 15.
Neg5 Bxf3 16. Nxf3 d5 17. Qh3 Ng7 18. g3 d4 19. Qg2 c4 20. Kh1 Rac8 21. Qe2 Qc6
22. Kg1 h5 23. h3 Nf5 24. Kh2 Kg7 25. Rg1 Qd5 26. Qe4 Qc5 27. Re2 Rh8 28. c3
cxd3 29. Qxd3 dxc3 30. Bxc3 Rhd8 31. Qe4 b4 32. Be1 Qb5 33. Rc2 Rxc2+ 34. Qxc2
Ne3 35. Qe4 Qe2+ 36. Kh1 Qd3 37. Qxd3 Rxd3 38. Nd2 Nc2 39. Nc4 Bc5 40. Rf1 Nxe1
41. Rxe1 Rxg3 42. Kh2 Rf3 43. Re4 h4 44. f5 Rf2+ 45. Kh1 exf5 46. Rxh4 Rc2 47.
b3 Rxa2 48. Rf4 Re2 49. Rf1 Bd4 50. Rf4 Bc3 51. Kg1 Kf8 52. Kf1 Re1+ 53. Kf2
Rb1 54. h4 Be1+ 55. Ke2 Bg3 56. Rd4 Rxb3 57. Rd8+ Ke7 58. Ra8 Bxh4 59. Nd6 Ra3
60. Re8+ Kd7 61. Rf8 b3 62. Rb8 a5 63. Nc4 Ra2+ 64. Kd3 a4 0-1

[Event "?"]
[Site "?"]
[Date "????.??.??"]
[Round "?"]
[White "Brameyer, M."]
[Black "Kahn, M."]
[Result "1-0"]
[WhiteElo "2242"]
[BlackElo "2151"]
[PlyCount "116"]

1. c4 e6 2. Nf3 d5 3. e3 Nf6 4. b3 Be7 5. Bb2 O-O 6. d4 b6 7. Bd3 Bb7 8. O-O
Nbd7 9. Nc3 c5 10. Qe2 Ne4 11. Rfd1 f5 12. cxd5 exd5 13. dxc5 bxc5 14. Ba6 Nxc3
15. Bxc3 Qb6 16. Bxb7 Qxb7 17. Rd2 Nb6 18. Rad1 Rae8 19. Ba5 d4 20. Bxb6 dxe3
21. fxe3 axb6 22. Qc4+ Kh8 23. Ne5 Bg5 24. Rd7 Bxe3+ 25. Kh1 Qe4 26. Nf7+ Rxf7
27. Qxe4 fxe4 28. Rxf7 Bd4 29. Re1 Kg8 30. Rb7 Re6 31. g3 e3 32. Re2 h6 33. Kg2
Rf6 34. a4 Kh7 35. Rd7 Kg6 36. b4 Kf5 37. bxc5 Bxc5 38. Rxg7 Ke4 39. Rd7 Bd4
40. Re7+ Kd3 41. Ra2 Rf5 42. g4 Ra5 43. Ra3+ Kc2 44. Re4 Bc5 45. Rc4+ Kd2 46.
Ra2+ Kd3 47. Rc1 Bb4 48. Kf3 Ra8 49. Rd1+ Bd2 50. Ra3+ Kc2 51. Ke2 Rf8 52. Rf1
Rg8 53. Rf4 h5 54. h3 hxg4 55. hxg4 Rh8 56. Rc4+ Kb2 57. Rxe3 Rh2+ 58. Kd3 Bxe3
1-0

[Event "?"]
[Site "?"]
[Date "????.??.??"]
[Round "?"]
[White "Meier, W."]
[Black "Bachmann, K."]
[Result "1/2-1/2"]
[WhiteElo "2190"]
[BlackElo "2304"]
[PlyCount "42"]

1. c4 Nf6 2. Nc3 e5 3. g3 d5 4. cxd5 Nxd5 5. Bg2 Nb6 6. Nf3 Nc6 7. O-O Be7 8.
a3 Be6 9. b4 O-O 10. d3 a6 11. Bb2 f6 12. Rc1 Qd7 13. Ne4 Nd5 14. Nc5 Bxc5 15.
Rxc5 Nde7 16. Rc1 Rfd8 17. Qc2 Bh3 18. Qc4+ Kh8 19. Rfd1 Bxg2 20. Kxg2 Qd5 21.
Rd2 Rd7 1/2-1/2

[Event "?"]
[Site "?"]
[Date "????.??.??"]
[Round "?"]
[White "Rosen, W."]
[Black "Eskandary, J."]
[Result "1-0"]
[WhiteElo "2268"]
[BlackElo "2159"]
[PlyCount "47"]

1. e4 e5 2. Nf3 Nc6 3. Bb5 a6 4. Ba4 d6 5. O-O Bg4 6. c3 Qf6 7. d3 Nge7 8. Nbd2
Ng6 9. h3 Bd7 10. Nc4 Nf4 11. Bxf4 Qxf4 12. Ne3 O-O-O 13. b4 h5 14. b5 axb5 15.
Bxb5 Qh6 16. Rb1 g5 17. Qa4 Nb8 18. Bxd7+ Rxd7 19. Rxb7 Kxb7 20. Rb1+ Kc8 21.
Qa8 Re7 22. Rxb8+ Kd7 23. Nf5 Qg6 24. Nxe7 1-0

[Event "?"]
[Site "?"]
[Date "????.??.??"]
[Round "?"]
[White "Schwier, M."]
[Black "Nautsch, W."]
[Result "0-1"]
[WhiteElo "2131"]
[BlackElo "2297"]
[PlyCount "124"]

1. e4 g6 2. f4 d6 3. Nf3 Bg7 4. c3 Nf6 5. d3 O-O 6. Be2 c5 7. O-O Nc6 8. Na3
Rb8 9. Nc2 b5 10. Qe1 b4 11. Bd2 a5 12. Ne3 Ba6 13. c4 Nh5 14. Nd1 Bc8 15. Kh1
Bd7 16. Rc1 e6 17. g4 Nf6 18. Qg3 Ne8 19. Be3 f5 20. h3 Qe7 21. e5 Bc8 22. Qg1
Bb7 23. Kh2 fxg4 24. hxg4 dxe5 25. Bxc5 Nd6 26. Nf2 Nd4 27. Nxd4 exd4 28. Nh3
e5 29. Rce1 Qc7 30. Bxd6 Qxd6 31. Bf3 exf4 32. Qf2 h6 33. Re2 g5 34. Rfe1 Qg6
35. Bxb7 Rxb7 36. Re4 Rbb8 37. Qf3 Bf6 38. Nf2 Rbe8 39. Rxe8 Rxe8 40. Qd5+ Kh8
41. Rxe8+ Qxe8 42. Ne4 Qe5 43. Nxf6 Qxf6 44. Qxa5 h5 45. Qa8+ Kg7 46. Qb7+ Kh6
47. c5 hxg4 48. Qb6 Kg6 49. a3 Kf5 50. Qxf6+ Kxf6 51. a4 Ke6 52. a5 Kd5 53. a6
Kc6 54. Kg2 g3 55. Kh3 g4+ 56. Kg2 Kc7 57. Kf1 f3 58. Kg1 g2 59. Kf2 g3+ 60.
Kg1 Kc6 61. a7 f2+ 62. Kxg2 Kb7 0-1

[Event "?"]
[Site "?"]
[Date "????.??.??"]
[Round "?"]
[White "Neese, H J."]
[Black "Goldberg, V."]
[Result "1/2-1/2"]
[WhiteElo "2344"]
[BlackElo "2054"]
[PlyCount "138"]

1. d4 Nf6 2. Nf3 g6 3. c4 Bg7 4. Nc3 O-O 5. Bg5 h6 6. Bh4 c6 7. e3 d6 8. Bd3
Nbd7 9. Rc1 Re8 10. O-O Qc7 11. h3 e5 12. Qc2 Nf8 13. Bg3 Nh5 14. Bh2 f5 15. c5
Qf7 16. dxe5 dxe5 17. Nd2 Be6 18. Ne2 Kh7 19. f3 Bf6 20. Nc4 Bxc4 21. Bxc4 Qe7
22. g4 Ng7 23. Ng3 f4 24. Ne4 fxe3 25. Rfe1 Bg5 26. Nxg5+ Qxg5 27. Qe4 Nd7 28.
h4 Qf6 29. Bd3 h5 30. Bg3 Qf7 31. Qxe3 Nf6 32. Qg5 hxg4 33. fxg4 e4 34. Bc4 Ne6
35. Qe5 Qe7 36. Be2 Nd7 37. Qd6 Nf6 38. Qxe7+ Rxe7 39. Bd6 Ree8 40. Rf1 Nd4 41.
Rce1 Nxe2+ 42. Rxe2 Kg7 43. g5 Nd5 44. Ref2 e3 45. Rf7+ Kg8 46. Rxb7 e2 47. Re1
Re4 48. Kf2 Rae8 49. Rb8 Rxb8 50. Bxb8 Rxh4 51. Rxe2 Kf7 52. Kg3 Ra4 53. a3 a6
54. Bd6 Rd4 55. Rf2+ Ke6 56. Re2+ Kf7 57. Rf2+ Ke6 58. Rf3 a5 59. b3 a4 60.
bxa4 Rxa4 61. Rb3 Kf5 62. Kf3 Kxg5 63. Ke2 Kf5 64. Kd2 g5 65. Kc2 g4 66. Kb2
Re4 67. Rg3 Ne3 68. Kb3 Nc4 69. Bc7 Ne5 1/2-1/2

[Event "?"]
[Site "?"]
[Date "????.??.??"]
[Round "?"]
[White "Westerinen, H."]
[Black "Korchnoi, V."]
[Result "1-0"]
[WhiteElo "2382"]
[BlackElo "2608"]
[PlyCount "133"]

1. e4 e6 2. d4 d5 3. Nc3 Nf6 4. Bg5 Be7 5. e5 Nfd7 6. Bxe7 Qxe7 7. f4 Nb6 8.
Nf3 Bd7 9. Be2 a6 10. O-O Nc6 11. b3 f6 12. Qd2 fxe5 13. fxe5 O-O-O 14. a4 Qb4
15. Nb1 a5 16. Qxb4 axb4 17. Bb5 Rdf8 18. Nbd2 Nd8 19. Ne1 Rxf1+ 20. Nxf1 Be8
21. Nd3 c6 22. a5 Na8 23. Ba4 Rf8 24. Nxb4 Rf4 25. c3 Bg6 26. Nd2 Bf5 27. Rf1
Rg4 28. Rf3 b5 29. axb6 Kb7 30. h3 Rg6 31. Kf2 h5 32. Rg3 Kxb6 33. Rxg6 Bxg6
34. Ke3 Nc7 35. Nd3 Bxd3 36. Kxd3 Ka5 37. Kc2 Na8 38. Kb2 Nc7 39. Nf3 Nb5 40.
Ng5 Nc7 41. Nh7 c5 42. Bd7 cxd4 43. b4+ Kb6 44. cxd4 Nb5 45. Bxb5 Kxb5 46. Kc3
h4 47. Ng5 Ka4 48. Nf3 Nc6 49. Nxh4 Nxb4 50. Ng6 Na6 51. Nf4 Nc7 52. h4 Kb5 53.
g4 Kc6 54. g5 Kd7 55. h5 Nb5+ 56. Kd3 Ke7 57. h6 gxh6 58. gxh6 Kf7 59. Nxe6 Kg6
60. Nf4+ Kxh6 61. Nxd5 Kg6 62. Kc4 Na3+ 63. Kc5 Kf7 64. Nf4 Nc2 65. d5 Ne3 66.
d6 Nf5 67. Kc6 1-0

[Event "?"]
[Site "?"]
[Date "????.??.??"]
[Round "?"]
[White "Vucenovic, D."]
[Black "Sorri, K J."]
[Result "0-1"]
[WhiteElo "2307"]
[BlackElo "2286"]
[PlyCount "74"]

1. d4 d5 2. Nf3 Nf6 3. g3 g6 4. Bg2 Bg7 5. O-O O-O 6. Nbd2 Bf5 7. b3 Qc8 8. Re1
Ne4 9. Bb2 c5 10. c3 Nc6 11. Rc1 Bh3 12. Nxe4 dxe4 13. Nd2 Bxg2 14. Kxg2 cxd4
15. cxd4 Qe6 16. Qc2 e3 17. fxe3 Qxe3 18. Nc4 Qe6 19. Rcd1 Rfd8 20. e3 b5 21.
Na3 Rac8 22. Qe2 a6 23. Qf3 Nb4 24. Re2 Qf5 25. Nb1 e6 26. Nc3 Qxf3+ 27. Kxf3
e5 28. d5 Rxc3 29. Bxc3 e4+ 30. Kxe4 Bxc3 31. g4 a5 32. d6 Re8+ 33. Kf3 Nc6 34.
Rd5 b4 35. e4 Nd4+ 36. Rxd4 Bxd4 37. d7 Rd8 0-1

[Event "?"]
[Site "?"]
[Date "????.??.??"]
[Round "?"]
[White "Kanko, I."]
[Black "Bhend, E."]
[Result "1/2-1/2"]
[WhiteElo "2227"]
[BlackElo "2271"]
[PlyCount "48"]

1. d4 f5 2. g3 Nf6 3. Bg2 g6 4. Nf3 Bg7 5. O-O O-O 6. b3 Ne4 7. Bb2 c5 8. c3 d5
9. Ne5 cxd4 10. cxd4 Nc6 11. Nd2 Be6 12. Nxe4 dxe4 13. Nxc6 bxc6 14. Rc1 Bd5
15. Qd2 e6 16. Ba3 Rf7 17. Bc5 Rd7 18. Rfd1 h5 19. f3 exf3 20. exf3 Kh7 21. Rc3
Qh8 22. f4 Rad8 23. Bxd5 Rxd5 24. Rd3 R8d7 1/2-1/2

[Event "?"]
[Site "?"]
[Date "????.??.??"]
[Round "?"]
[White "Hohler, P."]
[Black "Hurme, H M."]
[Result "1/2-1/2"]
[WhiteElo "2183"]
[BlackElo "2210"]
[PlyCount "62"]

1. c4 e5 2. Nc3 Nf6 3. Nf3 Nc6 4. e3 d6 5. d4 g6 6. Be2 Bg7 7. O-O O-O 8. d5
Ne7 9. Ne1 c6 10. e4 cxd5 11. cxd5 Nd7 12. Be3 f5 13. f3 f4 14. Bf2 Nf6 15. a4
g5 16. a5 h5 17. Nb5 g4 18. Bxa7 g3 19. h3 Bxh3 20. Bb6 Qd7 21. Nc7 Ng6 22. Bb5
Qc8 23. Ne6 Bxe6 24. Rc1 Bd7 25. Rxc8 Rfxc8 26. Bxd7 Nxd7 27. Qb3 Bf6 28. Nd3
Ra6 29. Nb4 Raa8 30. Nd3 Ra6 31. Nb4 Raa8 1/2-1/2

[Event "?"]
[Site "?"]
[Date "????.??.??"]
[Round "?"]
[White "Hottes, D."]
[Black "Villing, D."]
[Result "1/2-1/2"]
[WhiteElo "2185"]
[BlackElo "2261"]
[PlyCount "79"]

1. b3 Nf6 2. Bb2 g6 3. Nf3 Bg7 4. c4 O-O 5. Nc3 c6 6. e3 d5 7. Be2 Nbd7 8. d4
Ne4 9. O-O Ndf6 10. b4 Nxc3 11. Bxc3 Ne4 12. Bb2 dxc4 13. Bxc4 Qb6 14. a3 a5
15. Bd3 Nd6 16. Bc3 axb4 17. Bxb4 Bf5 18. Bxf5 Nxf5 19. Rb1 Qa6 20. Qb3 Rfd8
21. Rfc1 Rd7 22. Rc5 Qa4 23. Qxa4 Rxa4 24. Ra5 Rxa5 25. Bxa5 Nd6 26. Kf1 Nc4
27. Bb4 b5 28. Rc1 Ra7 29. Ke2 Ra4 30. Bxe7 Bf8 31. Bxf8 Kxf8 32. Nd2 Na5 33.
Rc3 Ke7 34. Kd3 g5 35. f3 Kd6 36. h3 h5 37. e4 h4 38. Ke3 Kd7 39. Kd3 Ke7 40.
Ke3 1/2-1/2

[Event "?"]
[Site "?"]
[Date "????.??.??"]
[Round "?"]
[White "Eis, H."]
[Black "Schmid, H."]
[Result "1/2-1/2"]
[WhiteElo "2145"]
[BlackElo "2221"]
[PlyCount "25"]

1. d4 d5 2. Nf3 Nf6 3. e3 e6 4. b3 Nbd7 5. Bb2 c5 6. Be2 Be7 7. O-O b6 8. c4
O-O 9. Ne5 Bb7 10. Nc3 Ne8 11. cxd5 exd5 12. Bf3 Nc7 13. Rc1 1/2-1/2

[Event "?"]
[Site "?"]
[Date "????.??.??"]
[Round "?"]
[White "Gabriel, J."]
[Black "Funk, P."]
[Result "1/2-1/2"]
[WhiteElo "2200"]
[BlackElo "2206"]
[PlyCount "113"]

1. c4 e5 2. Nc3 Nf6 3. Nf3 d6 4. g3 c6 5. Bg2 Be7 6. O-O O-O 7. d4 Qc7 8. e4
Nbd7 9. h3 Re8 10. Be3 a6 11. Rc1 Nf8 12. Qd2 Ng6 13. Rfd1 h6 14. a3 Bf8 15. b4
Qe7 16. dxe5 dxe5 17. Bb6 Nd7 18. Be3 a5 19. c5 axb4 20. axb4 Nf6 21. Qc2 Be6
22. Nd2 Ra3 23. Bf1 b5 24. cxb6 Qxb4 25. Ncb1 Raa8 26. Qxc6 Rac8 27. Qb5 Qe7
28. Nc3 Rb8 29. Nd5 Nxd5 30. exd5 Bd7 31. Qb3 Kh7 32. Nc4 f5 33. Na5 f4 34. Bc5
Qf6 35. Nc6 Bxc6 36. dxc6 Bxc5 37. Rxc5 fxg3 38. fxg3 e4 39. b7 e3 40. Qc2 Qf3
41. Rf5 Qxg3+ 42. Qg2 e2 43. Bxe2 Qxg2+ 44. Kxg2 Nh4+ 45. Kh1 Nxf5 46. Bd3 g6
47. Bxf5 gxf5 48. Rd7+ Kg6 49. Kg2 Re2+ 50. Kf3 Rc2 51. Rd6+ Kg5 52. Ke3 Rxc6
53. Rxc6 Rxb7 54. Kf3 Rb3+ 55. Kg2 h5 56. Rc4 h4 57. Ra4 1/2-1/2

[Event "?"]
[Site "?"]
[Date "????.??.??"]
[Round "?"]
[White "Staller"]
[Black "Muray, J."]
[Result "1/2-1/2"]
[WhiteElo "2243"]
[BlackElo "2472"]
[PlyCount "115"]

1. d4 Nf6 2. Nf3 d6 3. g3 Nbd7 4. c4 e5 5. Nc3 c6 6. Bg2 e4 7. Ng5 d5 8. cxd5
cxd5 9. f3 h6 10. Nh3 exf3 11. exf3 Bd6 12. Qe2+ Qe7 13. Qxe7+ Kxe7 14. Nf4 Nb6
15. O-O Bf5 16. Re1+ Kd7 17. Bf1 a6 18. Bd3 Bxd3 19. Nxd3 Rhe8 20. Bf4 Bxf4 21.
Nxf4 Kd6 22. Nd3 Nfd7 23. Kf2 Rac8 24. Rxe8 Rxe8 25. Rc1 Rc8 26. b3 Rc7 27. Ne2
Rxc1 28. Ndxc1 Nc8 29. Nd3 Ne7 30. Ne1 Nc6 31. Nc2 b5 32. Ke3 b4 33. Kd3 Nf8
34. Ne3 g6 35. Nf4 Ne7 36. Ng4 h5 37. Ne3 Ne6 38. Neg2 Ng7 39. Ne2 g5 40. g4 f5
41. h3 Ng6 42. Ke3 hxg4 43. hxg4 Nh4 44. Ne1 Ne6 45. Nd3 a5 46. Ne1 Ke7 47. Nd3
f4+ 48. Kf2 Kd6 49. Ne1 Ng6 50. Nc2 Nc7 51. Ne1 Nf8 52. Nd3 Nfe6 53. Ne1 Kc6
54. Nc2 Kb5 55. Nc1 Nd8 56. Ke2 Nc6 57. Kd3 Ne6 58. Ne2 1/2-1/2

[Event "?"]
[Site "?"]
[Date "????.??.??"]
[Round "?"]
[White "Escher, H."]
[Black "Rodkin, R."]
[Result "0-1"]
[WhiteElo "2084"]
[BlackElo "2233"]
[PlyCount "82"]

1. d4 Nf6 2. Nf3 d6 3. Bf4 g6 4. e3 Bg7 5. h3 O-O 6. c3 Nbd7 7. Nbd2 Re8 8. Bc4
e5 9. dxe5 dxe5 10. Bg3 Qe7 11. Ng5 Rf8 12. Bh4 Nb6 13. Bb3 Bf5 14. e4 Bd7 15.
O-O Bb5 16. c4 Bc6 17. Qc2 Nbd7 18. Ngf3 Nc5 19. Rfe1 Rad8 20. Re2 h6 21. Bxf6
Bxf6 22. Rd1 Rd6 23. Qb1 Rfd8 24. Bc2 Ne6 25. g3 a5 26. Ree1 Nc5 27. Nb3 Nxe4
28. Nxa5 Rxd1 29. Rxd1 Rxd1+ 30. Qxd1 Qc5 31. Bxe4 Bxe4 32. Qe2 Bf5 33. Nb3 Qd6
34. g4 Bb1 35. Nbd2 Bd3 36. Qe3 Bg7 37. Ne1 e4 38. Nxe4 Bxe4 39. Qxe4 Bxb2 40.
Qxb7 Bd4 41. Nf3 Qg3+ 0-1

[Event "?"]
[Site "?"]
[Date "????.??.??"]
[Round "?"]
[White "Kaminik, A."]
[Black "Bomert, E."]
[Result "1-0"]
[WhiteElo "2239"]
[BlackElo "2172"]
[PlyCount "83"]

1. d4 Nf6 2. c4 g6 3. Nc3 Bg7 4. e4 d6 5. f3 O-O 6. Be3 e5 7. Nge2 Nc6 8. d5
Ne7 9. g4 Ne8 10. Ng3 f5 11. gxf5 gxf5 12. Nh5 f4 13. Nxg7 Nxg7 14. Bf2 Ng6 15.
c5 Bd7 16. b4 a6 17. a4 Qe7 18. a5 Rfc8 19. Kd2 Kh8 20. Rg1 Rg8 21. Be2 Nh5 22.
Na4 Bxa4 23. Qxa4 Rg7 24. c6 bxc6 25. Qxc6 Rag8 26. Qxa6 Nf6 27. Qc4 Rc8 28. a6
c6 29. a7 Qd8 30. b5 c5 31. Ra6 Ra8 32. b6 Rb7 33. Rb1 Nd7 34. Qb5 Ne7 35. Bh4
Qe8 36. Rg1 h6 37. Qxd7 Qxd7 38. Bf6+ Kh7 39. Rg7+ Kh8 40. Rxe7+ Kg8 41. Rxd7
Rxd7 42. Bb5 1-0

[Event "?"]
[Site "?"]
[Date "????.??.??"]
[Round "?"]
[White "Dueckstein"]
[Black "Jansson"]
[Result "1/2-1/2"]
[WhiteElo "2349"]
[BlackElo "2276"]
[PlyCount "86"]

1. e4 d5 2. exd5 Qxd5 3. Nc3 Qa5 4. d4 Nf6 5. Bc4 c6 6. Nf3 Bf5 7. O-O e6 8.
Ne5 Nbd7 9. Nxd7 Nxd7 10. Qe2 O-O-O 11. Bd3 Nf6 12. Be3 Bxd3 13. Qxd3 Bd6 14.
Ne4 Nxe4 15. Qxe4 Qh5 16. f4 Qg6 17. Qxg6 hxg6 18. h3 Bc7 19. c3 Rd5 20. Rf2
Rh4 21. a3 a6 22. b4 b5 23. a4 Kb7 24. axb5 cxb5 25. Rf3 Rh8 26. g4 Ra8 27. Rf2
f6 28. Kg2 Rd6 29. Bd2 a5 30. bxa5 Rxa5 31. Rb1 Kc8 32. Be1 Rda6 33. Kf3 Ra1
34. Rfb2 Rxb1 35. Rxb1 Rb6 36. Bf2 Rb7 37. Be3 Bd6 38. Bd2 Kc7 39. Ra1 Kc6 40.
Ke4 f5+ 41. Kd3 Rb8 42. gxf5 gxf5 43. Ra6+ Kd5 1/2-1/2

[Event "?"]
[Site "?"]
[Date "????.??.??"]
[Round "?"]
[White "Kinnmark, O."]
[Black "Strauss, A."]
[Result "1-0"]
[WhiteElo "2328"]
[BlackElo "2185"]
[PlyCount "75"]

1. e4 e5 2. Nf3 Nc6 3. Bb5 a6 4. Ba4 Nf6 5. d3 d6 6. c3 Be7 7. O-O O-O 8. Re1
Nd7 9. d4 Bf6 10. h3 b5 11. Bb3 Na5 12. Bc2 c5 13. d5 Nc4 14. a4 Ncb6 15. b3
bxa4 16. bxa4 Nc4 17. Nbd2 Na5 18. Nf1 c4 19. Ba3 Qc7 20. Ne3 Nc5 21. Rb1 Ncb3
22. Bb4 Bd7 23. Nxc4 Nxc4 24. Bxb3 a5 25. Bxc4 axb4 26. Rxb4 Rfb8 27. Bb5 Bxb5
28. axb5 Qxc3 29. Qb1 Ra1 30. Qxa1 Qxb4 31. Qa6 g6 32. Rc1 Rxb5 33. Rc8+ Kg7
34. Qa8 Kh6 35. Rg8 Bg7 36. Qd8 Qb1+ 37. Kh2 Qxe4 38. Qg5# 1-0

[Event "?"]
[Site "?"]
[Date "????.??.??"]
[Round "?"]
[White "Akvist, H."]
[Black "Titz, H."]
[Result "0-1"]
[WhiteElo "2230"]
[BlackElo "2070"]
[PlyCount "126"]

1. d4 Nf6 2. c4 c5 3. d5 b5 4. cxb5 a6 5. bxa6 Bxa6 6. g3 d6 7. Bg2 g6 8. b3
Bg7 9. Bb2 O-O 10. Nh3 Qb6 11. Bc3 Ra7 12. O-O Bb7 13. e4 Na6 14. Nd2 Nd7 15.
Nc4 Qc7 16. Bxg7 Kxg7 17. Nf4 Rfa8 18. Qd2 Nab8 19. Rfe1 Ba6 20. Ne3 Ne5 21. h4
Bc8 22. h5 Qa5 23. Qb2 Qa3 24. Qc3 Qa5 25. Qxa5 Rxa5 26. hxg6 hxg6 27. a4 Na6
28. Rec1 Nb4 29. Bf1 Nf3+ 30. Kg2 Nd2 31. Bc4 Nxe4 32. Nc2 Nxc2 33. Rxc2 Nf6
34. Re1 R8a7 35. f3 Ba6 36. Rd1 Rb7 37. Rd3 Nd7 38. Re3 Kf8 39. Ne2 Rb4 40.
Bxa6 Rxa6 41. Nc1 Ra7 42. Re4 Rb6 43. Rd2 Nf6 44. Rh4 Kg7 45. Kf2 Ra8 46. Rd3
g5 47. Rh1 c4 48. bxc4 Rxa4 49. Re1 Rxc4 50. Nb3 Kf8 51. Nd2 Rc2 52. Kf1 Rb5
53. Ne4 Nxd5 54. Nxg5 Nb4 55. Rd4 Rxg5 56. Rxb4 Rxg3 57. Rb8+ Kg7 58. Rxe7
Rxf3+ 59. Ke1 Rh3 60. Kd1 Ra2 61. Rb1 Rh1+ 62. Re1 Rxe1+ 63. Kxe1 Kf6 0-1